000 00336nam a2200133 i 4500
001 bg
100 1 _aKOZIERSKI, Józef
245 0 _aZagadnienia fizykalne w budownictwie i instalacjach /
_cJózef Kozierski.
260 _aWarszawa,
_c1971.
040 _cBPK
041 _apol
942 _cKS
008 s pl f |000 0 pol
999 _c7471
_d7471
856 _uhttp://koha.tu.koszalin.pl/cgi-bin/koha/opac-detail.pl?biblionumber=7471
_yKatalog online BPK